000
00236nam a22001097a 4500
082
_a
808.3CAS'T
100
_a
CASKIE, DONALD
_9
79022
245
_a
THE TARTAN PIMPERNEL
260
_a
LONDO
_b
FINTANA
_c
1973
300
_a
256P
942
_c
BK
999
_c
584094
_d
584094